000
00238nam a2200097Ia 4500
008
120527s9999 xx 000 0 und d
100
_a
Stanbury P. F.
245
_a
Principle of fermentation technology.
260
_b
Pergamon.
942
_c
BK
999
_c
15799
_d
15799